000 01070nam a2200337Mi 4500
001 101984
005 20230410104003.0
008 100621s2010 it 000 0 ita d
035 _a(OCoLC)ocn642806293
040 _aC3L
_cC3L
020 _a9788823832701
020 _a8823832705
029 0 _aC3L
_b10813497
035 _a(OCoLC)642806293
043 _ae-it---
045 _ax4x-
082 1 4 _a368
_221
050 1 4 _aC811p 2010
100 1 _aCormio, Pasquale.
245 1 3 _aLa professione di intermediario assicurativo :
_bil consulente assicurativo, la protezione delle micro e piccole imprese e della famiglia /
_cPasquale Cormio ; prefazione di Claudio Cacciamani ; postfazione di Leonardo Marletta.
250 _a1. ed. italiana.
260 _aMilano :
_bEGEA,
_c2010.
300 _axxi, 153 p. ;
_c23 cm.
490 1 _aCultura d'impresa
504 _aIncludes bibliographical references.
830 0 _aCultura d'impresa.
938 _aCasalini Libri
_bCASA
_n10813497
_c20.00 EUR
942 _2lcc
_cbk
946 _aFHM
994 _aC0
_bDRFGD
999 _c29798
_d29798